Understanding wind power technology : (Record no. 355609)
[ view plain ]
| 000 -LEADER | |
|---|---|
| fixed length control field | 01229cam a2200289 i 4500 |
| 001 - CONTROL NUMBER | |
| control field | 17787097 |
| 003 - CONTROL NUMBER IDENTIFIER | |
| control field | Nust- CAS-E |
| 005 - DATE AND TIME OF LATEST TRANSACTION | |
| control field | 20180118181407.0 |
| 008 - FIXED-LENGTH DATA ELEMENTS--GENERAL INFORMATION | |
| fixed length control field | 130621s2014 enka b 001 0 eng |
| 010 ## - LIBRARY OF CONGRESS CONTROL NUMBER | |
| LC control number | 2013022982 |
| 020 ## - INTERNATIONAL STANDARD BOOK NUMBER | |
| International Standard Book Number | 9781118647516 (cloth) |
| 040 ## - CATALOGING SOURCE | |
| Original cataloging agency | DLC |
| Language of cataloging | eng |
| Transcribing agency | DLC |
| Description conventions | rda |
| Modifying agency | DLC |
| 042 ## - AUTHENTICATION CODE | |
| Authentication code | pcc |
| 050 00 - LIBRARY OF CONGRESS CALL NUMBER | |
| Classification number | TJ820 |
| Item number | .S33 2014 |
| 082 00 - DEWEY DECIMAL CLASSIFICATION NUMBER | |
| Classification number | 621.31 |
| Edition number | 23 |
| Author Mark | UND 2014 |
| 100 1# - MAIN ENTRY--PERSONAL NAME | |
| Personal name | Schaffarczyk, Alois. |
| 245 10 - TITLE STATEMENT | |
| Title | Understanding wind power technology : |
| Remainder of title | theory, deployment and optimisation / |
| Statement of responsibility, etc. | Edited by Alois Schaffarczyk, University of Applied Sciences, Kiel, Germany; Translated by Gunther Roth, Adliswil, Switerland. |
| 300 ## - PHYSICAL DESCRIPTION | |
| Extent | xv, 466 pages : |
| Other physical details | illustrations ; |
| Dimensions | 25 cm |
| 502 ## - DISSERTATION NOTE | |
| Dissertation note | 0 |
| 504 ## - BIBLIOGRAPHY, ETC. NOTE | |
| Bibliography, etc. note | Includes bibliographical references and index. |
| 650 #0 - SUBJECT ADDED ENTRY--TOPICAL TERM | |
| Topical term or geographic name entry element | Wind power. |
| 650 #0 - SUBJECT ADDED ENTRY--TOPICAL TERM | |
| Topical term or geographic name entry element | Wind energy conversion systems |
| General subdivision | Design and construction. |
| 776 08 - ADDITIONAL PHYSICAL FORM ENTRY | |
| Relationship information | Online version: |
| Main entry heading | Schaffarczyk, Alois. |
| Title | Understanding wind power technology |
| Place, publisher, and date of publication | Chichester, West Sussex : John Wiley & Sons, [2013] |
| International Standard Book Number | 9781118701546 |
| Record control number | (DLC) 2013026204 |
| 906 ## - LOCAL DATA ELEMENT F, LDF (RLIN) | |
| a | 7 |
| b | cbc |
| c | orignew |
| d | 1 |
| e | ecip |
| f | 20 |
| g | y-gencatlg |
| 942 ## - ADDED ENTRY ELEMENTS (KOHA) | |
| Source of classification or shelving scheme | |
| Koha item type | Book |
| Withdrawn status | Lost status | Source of classification or shelving scheme | Damaged status | Not for loan | Collection code | Permanent Location | Current Location | Shelving location | Date acquired | Source of acquisition | Cost, normal purchase price | Total Checkouts | Total Renewals | Full call number | Barcode | Date last seen | Date last checked out | Price effective from | Koha item type |
|---|---|---|---|---|---|---|---|---|---|---|---|---|---|---|---|---|---|---|---|
| US-Pakistan Center for Advanced Studies in Energy (USPCAS-E) | US-Pakistan Center for Advanced Studies in Energy (USPCAS-E) | 11/09/2015 | Multiline Books | 7731.00 | 1 | 1 | 621.31 UND 2014 | CAS-E0000563 | 01/21/2025 | 09/04/2024 | 11/09/2015 | Book |
